[Event "BL 0304 SV Hofheim - SCA St Ingbert"]
[Site "Hofheim"]
[Date "2003.10.31"]
[Round "7.1"]
[White "Bauer, Christian"]
[Black "Savchenko, Stanislav"]
[Result "1/2-1/2"]
[WhiteElo "2602"]
[BlackElo "2563"]
[PlyCount "62"]
[EventDate "2003.11.01"]

1. e4 c5 2. Nc3 d6 3. Nf3 a6 4. d4 cxd4 5. Nxd4 Nf6 6. f3 e5 7. Nb3 Be6 8. Be3
Nbd7 9. Qd2 b5 10. a4 b4 11. Nd5 Bxd5 12. exd5 Nb6 13. Bxb6 Qxb6 14. a5 Qb7 15.
O-O-O g6 16. g4 Bg7 17. h4 h5 18. g5 Nd7 19. Kb1 O-O 20. Bh3 Rab8 21. Rhe1 Qc7
22. f4 Nc5 23. f5 gxf5 24. Bxf5 e4 25. Qe2 Na4 26. Qxa6 Nc3+ 27. Kc1 Nxd1 28.
Rxd1 Rfe8 29. Qc6 Qa7 30. g6 fxg6 31. Bxg6 e3 1/2-1/2

[Event "BL 0304 SV Hofheim - SCA St Ingbert"]
[Site "Hofheim"]
[Date "2003.10.31"]
[Round "7.2"]
[White "Hickl, Joerg"]
[Black "Marcelin, Cyril"]
[Result "1/2-1/2"]
[WhiteElo "2562"]
[BlackElo "2473"]
[PlyCount "73"]
[EventDate "2003.11.01"]

1. g3 Nf6 2. Bg2 d5 3. Nf3 e6 4. O-O Be7 5. c4 O-O 6. b3 c5 7. Bb2 Nc6 8. e3 b6
9. Nc3 Ba6 10. d3 Rc8 11. Rc1 Qd7 12. Rc2 Rfd8 13. Rd2 Qc7 14. Qa1 Qb8 15. Rfd1
d4 16. exd4 Nxd4 17. Nxd4 cxd4 18. Nb1 e5 19. Re2 Re8 20. Ba3 Bxa3 21. Nxa3 Qd6
22. Qb2 Rc7 23. b4 h6 24. Rc2 Qd7 25. Qb3 Bb7 26. Bxb7 Rxb7 27. c5 bxc5 28.
Rxc5 e4 29. dxe4 Nxe4 30. Rd5 Qh3 31. R5xd4 Rbe7 32. Rd8 Nxf2 33. Rxe8+ Rxe8
34. Kxf2 Qxh2+ 35. Kf1 Qh1+ 36. Kf2 Qh2+ 37. Kf1 1/2-1/2

[Event "BL 0304 SV Hofheim - SCA St Ingbert"]
[Site "Hofheim"]
[Date "2003.10.31"]
[Round "7.3"]
[White "Lazarev, Vladimir"]
[Black "Krivoshey, Sergei"]
[Result "1/2-1/2"]
[WhiteElo "2526"]
[BlackElo "2495"]
[PlyCount "42"]
[EventDate "2003.11.01"]

1. d4 d5 2. c4 c6 3. Nf3 Nf6 4. e3 Bg4 5. Nbd2 e6 6. Bd3 Nbd7 7. O-O Bd6 8. b3
O-O 9. Bb2 Re8 10. Qc2 e5 11. dxe5 Nxe5 12. Nxe5 Bxe5 13. Bxe5 Rxe5 14. Rfe1
dxc4 15. Nxc4 Rd5 16. Bf1 b5 17. e4 Rc5 18. e5 Nd7 19. Qe4 bxc4 20. Qxg4 Nxe5
21. Qg3 Nd3 1/2-1/2

[Event "BL 0304 SV Hofheim - SCA St Ingbert"]
[Site "Hofheim"]
[Date "2003.10.31"]
[Round "7.4"]
[White "Ginsburg, Gennadi"]
[Black "Bricard, Emmanuel"]
[Result "0-1"]
[WhiteElo "2483"]
[BlackElo "2453"]
[PlyCount "80"]
[EventDate "2003.11.01"]

1. e4 g6 2. d4 d6 3. Nc3 c6 4. a4 Bg7 5. Nf3 Bg4 6. Bc4 e6 7. d5 cxd5 8. exd5
e5 9. h3 Bxf3 10. Qxf3 f5 11. h4 h5 12. Qg3 Kf7 13. f3 Nd7 14. Qf2 a6 15. g4
Ne7 16. gxf5 gxf5 17. Bg5 Bf6 18. Rg1 Rc8 19. Bb3 Qa5 20. O-O-O Rcg8 21. Qd2
Bxg5 22. Rxg5 Qb4 23. Rh1 Rxg5 24. Qxg5 Nf6 25. Kb1 Rg8 26. Qe3 Rg2 27. Qa7 Rg3
28. Na2 Qf4 29. Qxb7 Qxf3 30. Re1 Qf2 31. Rc1 a5 32. Qc7 Ne4 33. Nc3 Rxc3 34.
bxc3 Qc5 35. Qxc5 Nxc5 36. Rg1 f4 37. Kc1 Nf5 38. Rg5 Ng3 39. Kd1 Nce4 40. c4
Nxg5 0-1

[Event "BL 0304 SV Hofheim - SCA St Ingbert"]
[Site "Hofheim"]
[Date "2003.10.31"]
[Round "7.5"]
[White "Nguyen, Chi Minh"]
[Black "Zude, Arno"]
[Result "1/2-1/2"]
[WhiteElo "2375"]
[BlackElo "2382"]
[PlyCount "92"]
[EventDate "2003.11.01"]

1. d4 d5 2. c4 e6 3. Nc3 Nf6 4. Bg5 Be7 5. e3 O-O 6. Qc2 Nbd7 7. cxd5 exd5 8.
Bd3 c6 9. Nf3 Re8 10. O-O Nf8 11. h3 Ng6 12. Bxf6 Bxf6 13. b4 Be7 14. b5 Bd6
15. bxc6 bxc6 16. Nb1 Bd7 17. Rc1 Rc8 18. Nc3 Qf6 19. Qd1 Nh4 20. Nxh4 Qxh4 21.
Qf3 Qg5 22. e4 Qf4 23. Qxf4 Bxf4 24. Rc2 dxe4 25. Nxe4 Be6 26. g3 Bd5 27. Nc3
Bd6 28. Nxd5 cxd5 29. Rb1 Rxc2 30. Bxc2 Re2 31. Bb3 Rd2 32. Rc1 Rxd4 33. Rc8+
Bf8 34. Ra8 Rd2 35. Rxa7 Rxf2 36. Rd7 Rf6 37. Rxd5 g6 38. Kg2 Kg7 39. Rb5 Ba3
40. Rb7 h5 41. h4 Rf5 42. Be6 Rf6 43. Bc4 Rf5 44. Rb3 Bc5 45. Rf3 Rxf3 46. Kxf3
Ba3 1/2-1/2

[Event "BL 0304 SV Hofheim - SCA St Ingbert"]
[Site "Hofheim"]
[Date "2003.10.31"]
[Round "7.6"]
[White "Houska, Jovanka"]
[Black "Pirrot, Dieter"]
[Result "1-0"]
[WhiteElo "2358"]
[BlackElo "2422"]
[PlyCount "69"]
[EventDate "2003.11.01"]

1. e4 e5 2. Nc3 Nf6 3. Nf3 Nc6 4. g3 d5 5. exd5 Nd4 6. Bg2 Bg4 7. h3 Bxf3 8.
Bxf3 Nxf3+ 9. Qxf3 Bb4 10. O-O O-O 11. d3 Qd7 12. Kh2 Bxc3 13. bxc3 Nxd5 14.
Re1 Rfe8 15. Bd2 c5 16. Rab1 b6 17. a4 Nc7 18. Qg4 f5 19. Qc4+ Kh8 20. Re2 Re6
21. Rbe1 Rae8 22. a5 Qc6 23. axb6 axb6 24. Qh4 Qf3 25. Kg1 Qc6 26. Qh5 g6 27.
Qh4 b5 28. c4 Kg8 29. Bc3 bxc4 30. Qxc4 e4 31. dxe4 Qb5 32. Qa2 c4 33. Qa7 Qc6
34. Qd4 R8e7 35. exf5 1-0

[Event "BL 0304 SV Hofheim - SCA St Ingbert"]
[Site "Hofheim"]
[Date "2003.10.31"]
[Round "7.7"]
[White "Drollinger, Dennis"]
[Black "Buchal, Stephan"]
[Result "1-0"]
[WhiteElo "2275"]
[BlackElo "2363"]
[PlyCount "137"]
[EventDate "2003.11.01"]

1. e4 g6 2. d4 Bg7 3. Nc3 d6 4. f4 Nf6 5. Nf3 c5 6. Bb5+ Bd7 7. e5 Ng4 8. Bxd7+
Qxd7 9. d5 dxe5 10. h3 e4 11. Nxe4 Nf6 12. Nxf6+ Bxf6 13. O-O O-O 14. Be3 Na6
15. Ne5 Qf5 16. c4 Bxe5 17. fxe5 Qxe5 18. Qf3 f6 19. b3 Rae8 20. Rae1 Qc3 21.
Qe4 Rf7 22. Kh1 f5 23. Qh4 b6 24. Bg5 Qd3 25. Bf4 Nb4 26. Rd1 Qc3 27. Rfe1 Nc2
28. Be5 Qb4 29. Re2 Nd4 30. Bxd4 cxd4 31. Qxd4 Qd6 32. Re6 Qd7 33. Rde1 f4 34.
Qe4 f3 35. gxf3 Ref8 36. Kg2 Rf4 37. Qe3 Rxf3 38. Qxf3 Rxf3 39. Kxf3 Qc7 40.
Rxe7 Qh2 41. Rxa7 Qxh3+ 42. Ke2 Qc3 43. Re7 Qc2+ 44. Kf3 Qf5+ 45. Ke3 g5 46.
Kd2 Qf4+ 47. Kc3 Qf6+ 48. Kc2 Qf5+ 49. Kb2 Qf6+ 50. Ka3 Qd6+ 51. Kb2 Qf6+ 52.
Kc2 Qf5+ 53. Kc3 Qf6+ 54. Kb4 Qd6+ 55. Kb5 Qc5+ 56. Ka6 g4 57. R1e6 g3 58. d6
Qc8+ 59. Ka7 Kf8 60. d7 Qc7+ 61. Ka8 g2 62. Re8+ Kf7 63. d8=Q Qxd8+ 64. Rxd8
g1=Q 65. Rc6 h5 66. Rd7+ Ke8 67. Rb7 Kd8 68. Rh6 Qa1 69. Rh8+ 1-0

[Event "BL 0304 SV Hofheim - SCA St Ingbert"]
[Site "Hofheim"]
[Date "2003.10.31"]
[Round "7.8"]
[White "Burkart, Patrick"]
[Black "Ristic, Nenad"]
[Result "0-1"]
[WhiteElo "2355"]
[BlackElo "2467"]
[PlyCount "74"]
[EventDate "2003.11.01"]

1. c4 g6 2. g3 Bg7 3. Bg2 Nf6 4. Nc3 O-O 5. d3 c6 6. e4 e5 7. Nge2 d6 8. O-O
Be6 9. h3 Qd7 10. Kh2 d5 11. exd5 cxd5 12. Qb3 d4 13. Na4 Na6 14. Bd2 Rab8 15.
Qb5 Rfc8 16. Rac1 Bf5 17. Qb3 Bxd3 18. Qxd3 Qxa4 19. f4 e4 20. Qb1 e3 21. Be1
Rxc4 22. Rd1 Qc2 23. b3 Qxb1 24. Rxb1 Rc2 25. Nxd4 Rxa2 26. Rc1 Rd8 27. Rc2 Ra1
28. Nb5 b6 29. Nxa7 Nc5 30. b4 Ne6 31. Nc6 Rd3 32. Ne5 Rdd1 33. Re2 Nd4 34.
Rxe3 Nc2 35. Rd3 Nxe1 36. Rxd1 Rxd1 37. Kg1 Nh5 0-1

[Event "BL 0304 SG Köln Porz - SF Katernberg"]
[Site "Porz"]
[Date "2003.11.21"]
[Round "7.1"]
[White "Volokitin, Andrei"]
[Black "Lutz, Christopher"]
[Result "1-0"]
[WhiteElo "2594"]
[BlackElo "2613"]
[PlyCount "83"]
[EventDate "2003.11.01"]

1. e4 c5 2. Nf3 d6 3. d4 cxd4 4. Nxd4 Nf6 5. Nc3 a6 6. a4 Nc6 7. Be2 e6 8. O-O
Be7 9. Be3 O-O 10. f4 Qc7 11. Kh1 Re8 12. Bg1 Nxd4 13. Qxd4 e5 14. Qd3 exf4 15.
Rxf4 Be6 16. Raf1 Nd7 17. Nd5 Qc6 18. Bd4 Ne5 19. Qg3 Qxc2 20. Bg4 Ng6 21. Bxe6
fxe6 22. Rf7 e5 23. Bg1 Qxe4 24. Qb3 Kh8 25. Nc7 Qc6 26. Nxa8 Rxa8 27. Qe6 Re8
28. Qf5 Kg8 29. Qe6 Kh8 30. Qg4 Kg8 31. R7f3 Qd5 32. Rc3 Nf4 33. Rc8 Rxc8 34.
Qxc8+ Bf8 35. Qc2 Qc6 36. Qb3+ d5 37. Rd1 Qg6 38. Qf3 Bd6 39. g3 e4 40. Qb3 Nd3
41. Qxd5+ Kh8 42. Rd2 1-0

[Event "BL 0304 SG Köln Porz - SF Katernberg"]
[Site "Porz"]
[Date "2003.11.21"]
[Round "7.2"]
[White "Van Wely, Loek"]
[Black "Chuchelov, Vladimir"]
[Result "1/2-1/2"]
[WhiteElo "2654"]
[BlackElo "2603"]
[PlyCount "55"]
[EventDate "2003.11.01"]

1. d4 Nf6 2. c4 e6 3. Nf3 b6 4. g3 Ba6 5. Qa4 Bb7 6. Bg2 c5 7. dxc5 Bxc5 8. O-O
O-O 9. Nc3 Be7 10. Rd1 Na6 11. Bf4 Nc5 12. Qc2 Qc8 13. Rac1 Nce4 14. Nd4 Nxc3
15. Qxc3 a6 16. Qb3 Bxg2 17. Kxg2 Qb7+ 18. Qf3 Ne4 19. Nb3 f5 20. Nd2 g5 21.
Nxe4 fxe4 22. Qg4 h5 23. Qxh5 gxf4 24. Qg6+ Kh8 25. Qh6+ Kg8 26. Qg6+ Kh8 27.
Qh6+ Kg8 28. Rxd7 1/2-1/2

[Event "BL 0304 SG Köln Porz - SF Katernberg"]
[Site "Porz"]
[Date "2003.11.21"]
[Round "7.4"]
[White "Graf, Alexander"]
[Black "Siebrecht, Sebastian"]
[Result "1-0"]
[WhiteElo "2646"]
[BlackElo "2435"]
[PlyCount "67"]
[EventDate "2003.11.01"]

1. d4 c5 2. d5 e5 3. e4 d6 4. Bb5+ Nd7 5. f4 a6 6. Bxd7+ Bxd7 7. Nf3 exf4 8.
Bxf4 Qf6 9. Bg3 Qxb2 10. Nbd2 Ba4 11. O-O Qxc2 12. Qe1 Bb5 13. Rf2 O-O-O 14.
Nb3 Qc4 15. Rc1 Qa4 16. e5 Kb8 17. exd6 c4 18. Ng5 Nh6 19. Rxf7 Qa3 20. Qe3
Bxd6 21. Bf2 Nxf7 22. Nxf7 Rhe8 23. Qa7+ Kc8 24. Nxd6+ Qxd6 25. Bg3 Qxd5 26.
Qb8+ Kd7 27. Qc7+ Ke6 28. Qxg7 cxb3 29. Re1+ Kf5 30. Qxh7+ Kg5 31. Bh4+ Kf4 32.
Qh6+ Kg4 33. h3+ Kf5 34. Qf6# 1-0

[Event "BL 0304 SG Köln Porz - SF Katernberg"]
[Site "Porz"]
[Date "2003.11.21"]
[Round "7.5"]
[White "Scholz, Christian"]
[Black "Gurevich, Mikhail"]
[Result "1-0"]
[WhiteElo "2392"]
[BlackElo "2656"]
[PlyCount "193"]
[EventDate "2003.11.01"]

1. e4 e6 2. d4 d5 3. Nd2 c5 4. exd5 exd5 5. Ngf3 c4 6. g3 Nc6 7. Bg2 Qe7+ 8.
Qe2 Nb4 9. Qxe7+ Bxe7 10. Kd1 Bf5 11. Ne1 Nf6 12. Nf1 Ne4 13. Ne3 Be6 14. c3
Nxf2+ 15. Ke2 Nxh1 16. cxb4 Nxg3+ 17. hxg3 Bxb4 18. Nxd5 Bd6 19. Kf2 O-O-O 20.
Ne3 h5 21. d5 Bd7 22. Nxc4 Bc5+ 23. Kf1 Bb5 24. b3 h4 25. Bf4 h3 26. Bh1 Bd6
27. Kf2 Bxf4 28. gxf4 f6 29. Rd1 g5 30. fxg5 fxg5 31. Nf3 Bxc4 32. bxc4 Rdf8
33. Kg3 Rf4 34. Rc1 Re8 35. Nxg5 Rd4 36. Nxh3 Rg8+ 37. Kf2 Rd2+ 38. Ke3 Rxa2
39. Nf4 b6 40. Be4 Ra4 41. Kd4 b5 42. Bf5+ Kb7 43. Bd3 bxc4 44. Bxc4 a5 45. Ne6
Rb4 46. Ke5 Rh8 47. Nc5+ Ka7 48. Bd3 Rh5+ 49. Bf5 Rb2 50. Ne4 Rb5 51. Rc7+ Kb8
52. Rc8+ Ka7 53. Nc3 Rb8 54. Rc7+ Ka6 55. Rc6+ Kb7 56. Na4 Rf8 57. Nc5+ Ka7 58.
Ra6+ Kb8 59. Nd7+ Kb7 60. Nc5+ Kb8 61. Nd7+ Kb7 62. Nxf8 Kxa6 63. d6 Kb6 64.
Ne6 Kc6 65. Nd4+ Kb6 66. Kf6 Rh4 67. Ne6 a4 68. d7 Rh8 69. Ke7 Rb8 70. d8=Q+
Rxd8 71. Nxd8 Kc5 72. Be6 a3 73. Kd7 Kd4 74. Kd6 Kc3 75. Nc6 Kb2 76. Nb4 a2 77.
Nxa2 Ka1 78. Kc5 Kb2 79. Kb4 Kc2 80. Kc4 Kd2 81. Kd4 Kc2 82. Nb4+ Kb2 83. Kd3
Ka1 84. Kc3 Kb1 85. Nc2 Kc1 86. Ba2 Kd1 87. Nd4 Ke1 88. Kd3 Kf2 89. Ne2 Ke1 90.
Ke3 Kd1 91. Bb3+ Ke1 92. Nf4 Kf1 93. Bc2 Ke1 94. Ng2+ Kf1 95. Kf3 Kg1 96. Bd3
Kh2 97. Nf4 1-0

[Event "BL 0304 SG Köln Porz - SF Katernberg"]
[Site "Porz"]
[Date "2003.11.21"]
[Round "7.6"]
[White "Vaganian, Rafael A"]
[Black "Souleidis, Georgios"]
[Result "1/2-1/2"]
[WhiteElo "2623"]
[BlackElo "2401"]
[PlyCount "128"]
[EventDate "2003.11.01"]

1. d4 d5 2. c4 Nc6 3. Nc3 dxc4 4. e3 e5 5. Nf3 exd4 6. exd4 Bd6 7. Bxc4 Nf6 8.
O-O O-O 9. h3 h6 10. Re1 Bf5 11. d5 Ne7 12. Nd4 Bg6 13. Ndb5 a6 14. Nxd6 Qxd6
15. Qf3 Nf5 16. Bf4 Qc5 17. Bb3 Rfe8 18. Na4 Qb4 19. Be5 Nd7 20. Qf4 Qxf4 21.
Bxf4 b5 22. Rxe8+ Rxe8 23. Bxc7 bxa4 24. Bxa4 Nd4 25. Bb6 Nb5 26. Be3 Rc8 27.
Rd1 f6 28. Kh2 Kf8 29. g4 Bf7 30. Kg3 g5 31. h4 Ke7 32. f4 gxf4+ 33. Bxf4 h5
34. d6+ Kf8 35. g5 Be6 36. Re1 Bg4 37. gxf6 Nxf6 38. Bg5 Kg7 39. Re7+ Kg6 40.
Bf4 Rd8 41. Bc2+ Bf5 42. Bxf5+ Kxf5 43. Re5+ Kg6 44. Re6 Rd7 45. Be5 Kf5 46.
Rxf6+ Kxe5 47. Rh6 Nxd6 48. Rxh5+ Nf5+ 49. Kg4 Rd4+ 50. Kg5 Ng7 51. Rh8 Ne6+
52. Kh5 Kf6 53. Rh6+ Kf5 54. Rh7 Nf4+ 55. Kh6 Rd6+ 56. Kg7 Ne6+ 57. Kf7 Rd7+
58. Kg8 Rd8+ 59. Kf7 Rd7+ 60. Kg8 Rd2 61. Kf7 Nf4 62. Rh6 Rd7+ 63. Ke8 Ra7 64.
Kd8 Ne6+ 1/2-1/2

[Event "BL 0304 SG Köln Porz - SF Katernberg"]
[Site "Porz"]
[Date "2003.11.21"]
[Round "7.7"]
[White "Meyer, Falko"]
[Black "Hansen, Curt"]
[Result "0-1"]
[WhiteElo "2348"]
[BlackElo "2616"]
[PlyCount "58"]
[EventDate "2003.11.01"]

1. e4 c5 2. Nc3 Nc6 3. d3 Nf6 4. Bg5 e6 5. Bxf6 Qxf6 6. Qf3 Qd8 7. Qg3 b5 8.
Nf3 Qa5 9. Nd2 Nd4 10. Rc1 Bb7 11. Nb3 Qb6 12. Be2 b4 13. Nb1 Nxe2 14. Kxe2 d5
15. exd5 O-O-O 16. Qh3 Rxd5 17. N1d2 Re5+ 18. Kf1 Qc7 19. c3 bxc3 20. Rxc3 Be7
21. Nc4 Rg5 22. Ne3 Kb8 23. Ke2 f5 24. f4 Qxf4 25. Rf1 Qe5 26. g3 Rg6 27. Rf4
Rh6 28. Qf1 Rxh2+ 29. Rf2 Rh1 0-1

[Event "BL 0304 SFR Neukölln - SC Kreuzberg"]
[Site "Berlin"]
[Date "2003.12.12"]
[Round "7.2"]
[White "Rogozenko, Dorian"]
[Black "Maiwald, Jens-Uwe"]
[Result "1-0"]
[WhiteElo "2517"]
[BlackElo "2543"]
[PlyCount "65"]
[EventDate "2003.11.01"]

1. d4 Nf6 2. c4 g6 3. Nf3 Bg7 4. g3 O-O 5. Bg2 d6 6. Nc3 Nc6 7. O-O Bf5 8. Ne1
Na5 9. e4 Bd7 10. b3 c5 11. dxc5 dxc5 12. Bb2 Nc6 13. Nc2 e5 14. f4 Bg4 15. Qe1
exf4 16. gxf4 Re8 17. e5 Bh5 18. Qg3 Ng4 19. Ne4 Nh6 20. Qf2 Ng4 21. Qg3 Nh6
22. Qf2 Ng4 23. Qxc5 Rc8 24. h3 Ncxe5 25. Qd6 Nxc4 26. Qxd8 Rexd8 27. Bxg7 Nce3
28. Nxe3 Nxe3 29. Bf6 Rd3 30. Rf2 Nd5 31. Be5 f5 32. Nf6+ Nxf6 33. Bxf6 1-0

[Event "BL 0304 SFR Neukölln - SC Kreuzberg"]
[Site "Berlin"]
[Date "2003.12.12"]
[Round "7.3"]
[White "Socko, Bartosz"]
[Black "Berndt, Stephan"]
[Result "1/2-1/2"]
[WhiteElo "2547"]
[BlackElo "2462"]
[PlyCount "96"]
[EventDate "2003.11.01"]

1. g3 g6 2. Bg2 Bg7 3. d4 d5 4. Nf3 Nf6 5. c4 dxc4 6. Qa4+ Nfd7 7. Na3 O-O 8.
Nxc4 c5 9. Be3 cxd4 10. Nxd4 Nc5 11. Qd1 Nba6 12. O-O Bd7 13. Qd2 Rc8 14. Rac1
e5 15. Nb3 b6 16. Nxc5 Nxc5 17. Nd6 Rc7 18. Bxc5 bxc5 19. Nb7 Qe7 20. Nxc5 Bb5
21. b4 Rd8 22. Qe3 Rd4 23. a4 Be8 24. Rb1 Qd6 25. Qa3 f5 26. Rfc1 e4 27. Bf1
Bf7 28. a5 Rd2 29. Nb3 Rdc2 30. Rd1 Qe7 31. Nd4 R2c3 32. Qa4 e3 33. f4 R3c4 34.
Nf3 Bc3 35. a6 Rxb4 36. Rxb4 Qxb4 37. Qxb4 Bxb4 38. Ne5 Be6 39. Bg2 Bc8 40. Rb1
Bc5 41. Rb7 Bd6 42. Bd5+ Kf8 43. Nc4 Bxb7 44. axb7 Rxc4 45. Bxc4 a5 46. Kg2 Bb8
47. Kf1 h6 48. h4 Kg7 1/2-1/2

[Event "BL 0304 SFR Neukölln - SC Kreuzberg"]
[Site "Berlin"]
[Date "2003.12.12"]
[Round "7.4"]
[White "Polzin, Rainer"]
[Black "Tischbierek, Raj"]
[Result "1/2-1/2"]
[WhiteElo "2489"]
[BlackElo "2519"]
[PlyCount "71"]
[EventDate "2003.11.01"]

1. e4 e5 2. Nf3 Nc6 3. Bb5 Nf6 4. O-O Nxe4 5. d4 Nd6 6. dxe5 Nxb5 7. c4 d6 8.
e6 Bxe6 9. cxb5 Ne5 10. Nd4 Be7 11. f4 Nd7 12. Qe2 O-O 13. Nxe6 fxe6 14. Qxe6+
Kh8 15. Nc3 Bf6 16. Qd5 Nb6 17. Qd3 d5 18. b3 a6 19. Ba3 Re8 20. bxa6 Rxa6 21.
Bc5 Nd7 {(=)} 22. Bf2 c6 23. Rae1 Ra8 24. Rxe8+ {(=)} 24... Qxe8 25. Re1 Qg6
26. Qd2 Bxc3 27. Qxc3 Rxa2 28. Qh3 Qf7 29. Bd4 Ra8 30. Qe6 Kg8 31. g3 Qxe6 32.
Rxe6 Kf7 33. f5 g6 34. Rd6 Ke7 35. Re6+ Kf7 36. Rd6 1/2-1/2

[Event "BL 0304 SFR Neukölln - SC Kreuzberg"]
[Site "Berlin"]
[Date "2003.12.12"]
[Round "7.5"]
[White "Lau, Ralf"]
[Black "Borriss, Martin Dr"]
[Result "1-0"]
[WhiteElo "2503"]
[BlackElo "2445"]
[PlyCount "83"]
[EventDate "2003.11.01"]

1. d4 Nf6 2. Nf3 e6 3. e3 b6 4. Bd3 Bb7 5. O-O c5 6. Nbd2 Be7 7. c3 cxd4 8.
exd4 O-O 9. Re1 d6 10. Qe2 Re8 11. a4 a6 12. Nc4 Nbd7 13. Bg5 Qc7 14. Nfd2 e5
15. dxe5 dxe5 16. Ne3 e4 17. Bc2 Bd6 18. Ndf1 a5 19. Rad1 Ba6 20. Qd2 Be5 21.
Ng3 h6 22. Bxf6 Nxf6 23. Nd5 Nxd5 24. Qxd5 Bxg3 25. hxg3 Bb7 26. Qd7 Rac8 27.
Bb3 Re7 28. Qxc7 Rcxc7 29. Bd5 Bxd5 30. Rxd5 Re6 31. Re3 g6 32. g4 Kg7 33. Kh2
Rc5 34. Rd4 f5 35. Kg3 Kf6 36. gxf5 gxf5 37. Kf4 Rc7 38. Rd5 Rc5 39. Rd7 b5 40.
Rh3 Kg6 41. Rg3+ Kf6 42. Rdg7 1-0

[Event "BL 0304 SFR Neukölln - SC Kreuzberg"]
[Site "Berlin"]
[Date "2003.12.12"]
[Round "7.6"]
[White "Poldauf, Dirk"]
[Black "Kalinitschew, Sergey"]
[Result "1-0"]
[WhiteElo "2404"]
[BlackElo "2519"]
[PlyCount "69"]
[EventDate "2003.11.01"]

1. c4 b6 2. Nc3 e6 3. e4 Bb7 4. Nge2 f5 5. exf5 exf5 6. d4 Nf6 7. Qd3 g6 8. Bg5
h6 9. Bf4 Kf7 10. h4 Bg7 11. O-O-O Nc6 12. d5 Nb4 13. Qd2 Na6 14. Nd4 Nc5 15.
Qc2 Re8 16. Be2 Nfe4 17. Nxe4 Rxe4 18. Be3 Rxh4 19. Ne6 Qf6 20. Rxh4 Qxh4 21.
Nxc7 Rc8 22. Nb5 Qe7 23. g4 a6 24. Nc3 fxg4 25. Bxg4 b5 26. Rg1 bxc4 27. Be6+
Kf8 28. Qxg6 Nd3+ 29. Kb1 dxe6 30. Bxh6 Rc7 31. d6 Qxd6 32. Bxg7+ Ke7 33. Qf6+
Kd7 34. Bf8 Qf4 35. Qe7+ 1-0

[Event "BL 0304 SFR Neukölln - SC Kreuzberg"]
[Site "Berlin"]
[Date "2003.12.12"]
[Round "7.7"]
[White "Volke, Karsten"]
[Black "Thiede, Lars"]
[Result "1/2-1/2"]
[WhiteElo "2467"]
[BlackElo "2440"]
[PlyCount "154"]
[EventDate "2003.11.01"]

1. c4 g6 2. d4 Bg7 3. Nc3 Nf6 4. e4 d6 5. Be2 O-O 6. Nf3 Na6 7. O-O e5 8. Be3
c6 9. d5 Ng4 10. Bg5 f6 11. Bh4 c5 12. Ne1 h5 13. h3 Nh6 14. Nd3 Nf7 15. a3 Bh6
16. b4 Bf4 17. bxc5 Nxc5 18. Nxc5 dxc5 19. Bg3 Nd6 20. Bxf4 exf4 21. Qc1 g5 22.
Bxh5 Bd7 23. Nb5 Nxe4 24. Bf3 Bf5 25. Re1 Nd6 26. Nxd6 Qxd6 27. Qb2 b6 28. Re2
Rae8 29. Rae1 Rxe2 30. Qxe2 Qd7 31. Bh5 Rd8 32. Be8 Qc7 33. Bb5 Rf8 34. Qh5 Qf7
35. Qf3 Qc7 36. g4 Bc8 37. Qd3 Qh7 38. Qxh7+ Kxh7 39. Be8 f5 40. d6 fxg4 41. d7
Bxd7 42. Re7+ Kh6 43. Bxd7 gxh3 44. Bxh3 f3 45. Be6 g4 46. Rxa7 Re8 47. Bd5 Kg5
48. Rg7+ Kf4 49. Rf7+ Kg5 50. Kf1 Rh8 51. Ke1 Re8+ 52. Kd1 Re2 53. Bxf3 gxf3
54. Rxf3 Ra2 55. Kc1 Re2 56. Kb1 Rd2 57. Rf8 Re2 58. f4+ Kh5 59. f5 Rf2 60. Rf6
Kg5 61. Rxb6 Kxf5 62. Rb2 Rf4 63. Rc2 Ke5 64. Kb2 Kd4 65. Kb3 Rf3+ 66. Ka4 Rf8
67. Kb3 Rb8+ 68. Ka2 Ra8 69. Rc1 Ra7 70. Kb3 Rb7+ 71. Ka4 Rb8 72. Ka5 Ra8+ 73.
Kb5 Rb8+ 74. Kc6 Ra8 75. Kb5 Rb8+ 76. Ka5 Ra8+ 77. Kb5 Rb8+ 1/2-1/2

[Event "BL 0304 SFR Neukölln - SC Kreuzberg"]
[Site "Berlin"]
[Date "2003.12.12"]
[Round "7.8"]
[White "Rudolf, Henrik"]
[Black "Muse, Drazen"]
[Result "1/2-1/2"]
[WhiteElo "2316"]
[BlackElo "2443"]
[PlyCount "105"]
[EventDate "2003.11.01"]

1. e4 Nc6 2. Nf3 d6 3. d4 Nf6 4. Nc3 Bg4 5. Be2 e6 6. d5 exd5 7. exd5 Bxf3 8.
Bxf3 Ne5 9. Be2 Be7 10. Qd4 O-O 11. f4 c5 12. Qg1 Ned7 13. g4 Nb6 14. Qg2 Nfd7
15. g5 f5 16. Bd2 Re8 17. O-O-O g6 18. h4 Bf8 19. h5 Bg7 20. Qh3 a6 21. Bd3 Nf8
22. Rh2 Qd7 23. hxg6 hxg6 24. Rdh1 c4 25. Bf1 Rac8 26. Qf3 Qc7 27. Bg2 Qc5 28.
Rh3 Re7 29. Be3 Qa5 30. Bd2 Rce8 31. Qf2 Nbd7 32. a3 Qc5 33. Qf1 b5 34. Nd1 Nb6
35. Bb4 Qc7 36. Bf3 Na4 37. Qf2 a5 38. Bd2 Nxb2 39. Nxb2 c3 40. Be1 cxb2+ 41.
Kb1 b4 42. Bd1 Qc4 43. Rd3 Nd7 44. Qh4 Kf7 45. Bf2 Nc5 46. Bxc5 Qxc5 47. Qh7
Re1 48. Rh6 R8e2 49. Qxg6+ Kg8 50. Qh7+ Kf8 51. Qxf5+ Kg8 52. Qh7+ Kf8 53. Qf5+
1/2-1/2

[Event "BL 0304 SV Werder Bremen - Bremer SG"]
[Site "Bremen"]
[Date "2003.12.12"]
[Round "7.2"]
[White "Hracek, Zbynek"]
[Black "Bacrot, Etienne"]
[Result "0-1"]
[WhiteElo "2584"]
[BlackElo "2645"]
[PlyCount "86"]
[EventDate "2003.11.01"]

1. e4 e5 2. Nf3 Nc6 3. Bb5 a6 4. Ba4 Nf6 5. O-O Be7 6. Re1 b5 7. Bb3 O-O 8. a4
b4 9. d3 d6 10. a5 Be6 11. Nbd2 Qc8 12. Bc4 Re8 13. Nf1 h6 14. Ne3 Bf8 15. b3
g6 16. Bb2 Bg7 17. Qd2 Rb8 18. h3 Nd8 19. Nh2 Bxc4 20. bxc4 Ne6 21. Nhg4 Nd7
22. Nd5 c6 23. Nb6 Nxb6 24. axb6 h5 25. Ne3 Rxb6 26. c5 Nxc5 27. Nc4 Qc7 28.
Nxb6 Qxb6 29. d4 Ne6 30. Ra4 a5 31. Rea1 exd4 32. Rxa5 Nc7 33. Qf4 c5 34. Ra7
c4 35. Qf3 Rf8 36. R7a4 Rb8 37. Ra7 Rb7 38. Rxb7 Qxb7 39. Rb1 Qc6 40. Bc1 Qc5
41. Bd2 b3 42. cxb3 c3 43. Bc1 d3 0-1

[Event "BL 0304 SV Werder Bremen - Bremer SG"]
[Site "Bremen"]
[Date "2003.12.12"]
[Round "7.3"]
[White "Landa, Konstantin"]
[Black "Efimenko, Zahar"]
[Result "1/2-1/2"]
[WhiteElo "2614"]
[BlackElo "2546"]
[PlyCount "77"]
[EventDate "2003.11.01"]

1. e4 c5 2. Nf3 d6 3. d4 cxd4 4. Nxd4 Nf6 5. Nc3 a6 6. Be3 e5 7. Nb3 Be6 8. f3
Nbd7 9. g4 Be7 10. Qd2 Qc7 11. O-O-O O-O 12. g5 Nh5 13. Nd5 Bxd5 14. Qxd5 Rfc8
15. Qd2 Nb6 16. Kb1 a5 17. Nc1 Nf4 18. Qf2 Na4 19. Bxf4 exf4 20. Rd5 Nb6 21.
Rb5 d5 22. exd5 Bc5 23. Qd2 Be3 24. Qd3 Qd7 25. h4 Nc4 26. a4 Nd2+ 27. Ka2 Qd6
28. Be2 Nc4 29. Qxc4 Rxc4 30. Bxc4 b6 31. Ne2 Rc8 32. Bb3 g6 33. Rd1 Kg7 34.
Rd3 h6 35. Nc3 Re8 36. Ne4 Rxe4 37. fxe4 f6 38. c3 Bc5 39. Bd1 1/2-1/2

[Event "BL 0304 SV Werder Bremen - Bremer SG"]
[Site "Bremen"]
[Date "2003.12.12"]
[Round "7.4"]
[White "Pelletier, Yannick"]
[Black "Hjartarsson, Johann"]
[Result "1/2-1/2"]
[WhiteElo "2640"]
[BlackElo "2602"]
[PlyCount "104"]
[EventDate "2003.11.01"]

1. Nf3 g6 2. d4 Bg7 3. c4 d6 4. Nc3 Nf6 5. e4 O-O 6. Be2 e5 7. O-O Nc6 8. d5
Ne7 9. Bg5 h6 10. Bxf6 Bxf6 11. b4 Bg7 12. Nd2 f5 13. f3 Kh8 14. c5 Ng8 15. Nc4
Rf7 16. a4 Nf6 17. a5 Nh5 18. g3 Nf6 19. b5 f4 20. g4 h5 21. h3 Ne8 22. c6 Qh4
23. Rf2 Bf8 24. Rh2 Qg3+ 25. Kh1 Rh7 26. Qg1 Be7 27. Bd1 Bh4 28. Ra3 Nf6 29.
Nd2 bxc6 30. dxc6 Be6 31. Bb3 Bxb3 32. Rxb3 Qxg1+ 33. Kxg1 Bg3 34. g5 Bxh2+ 35.
Kxh2 Ne8 36. h4 Kg8 37. Nd5 Kf7 38. Nc4 Ke6 39. Ra3 Rc8 40. Nb4 Rb8 41. b6 cxb6
42. axb6 axb6 43. Na6 Rc8 44. Nb4 Rhc7 45. Nxb6 Rxc6 46. Nxc8 Rxc8 47. Ra7 Rc7
48. Ra8 Kd7 49. Nd5 Rc2+ 50. Kg1 Nc7 51. Nxc7 Rxc7 52. Rg8 Rc1+ 1/2-1/2

[Event "BL 0304 SV Werder Bremen - Bremer SG"]
[Site "Bremen"]
[Date "2003.12.12"]
[Round "7.6"]
[White "Gallagher, Joseph"]
[Black "Stefansson, Hannes"]
[Result "1/2-1/2"]
[WhiteElo "2520"]
[BlackElo "2560"]
[PlyCount "59"]
[EventDate "2003.11.01"]

1. e4 e5 2. Nf3 Nc6 3. Bb5 a6 4. Ba4 Nf6 5. O-O Be7 6. Re1 b5 7. Bb3 d6 8. c3
O-O 9. h3 Nb8 10. d4 Nbd7 11. Nbd2 Bb7 12. Bc2 c5 13. d5 a5 14. c4 b4 15. Nf1
Ne8 16. Ng3 g6 17. Bh6 Ng7 18. Qd2 Kh8 19. Rad1 Ba6 20. b3 Bc8 21. Rf1 a4 22.
Nh2 axb3 23. axb3 Ra2 24. Ra1 Qa5 25. Rxa2 Qxa2 26. Ng4 Nf6 27. Nxf6 Bxf6 28.
Qd3 Kg8 29. Bb1 Qa7 30. Bc1 1/2-1/2